000 00491nab a2200145Ia 4500
003 ES-SlBCS
005 20210601124328.0
008 140529s1997 xxu||||| |||| 00| 0 eng d
041 _aeng
100 1 _aElenes, C. Alejandra
_9139839
245 0 0 _aReclaiming the Borderlands: Chicana/o Identity, Difference, and Critical Pedagogy
_c C. Alejandra Elenes
650 0 4 _aPedagogía Crítica
_9139473
773 0 _tEducational Theory
_gvol. 47, nº. 3, 1997, págs. 359-375
_wRev1399
942 _cAR
999 _c513018
_d513018